00764 a2200253 4500260001000000630003800010037001300048650002600061100001900087260001000106245015700116300001100273650002000284260000900304300001000313100000700323037001200330037001200342037001200354250001500366020001800381999001700399952009400416 aParis a33 - Economie. Economie politique b3, Achat a3 - SCIENCES SOCIALES aSalles, Pierre bDunod aProblèmes économiques généraux. Tome2, Macroéconomie : la comptabilité nationale, la croissance, les relations économiques internationales a469 p. aMacroéconomie c1983 b24 cm lfr aDE 2677 aDE 2678 aDE 2679 a6è éd. a2-04-015205-9 c38551d38551 00104070aBUACbBUACd2009-02-28l0o330.180 SALr2009-02-28 00:00:00w2009-02-28yLIVR